000 00277nam a22001337a 4500
008 170420b xxu||||| |||| 00| 0 eng d
020 _a0717292657
041 _aeng
080 _a573
100 _a11
101 _aSHM
245 _aMAKING LIFE
_cWALKER, R
942 _2udc
_cBK
999 _c11351
_d11351